Juraj Jakubovič: Slovenská ekonomika zatiaľ dostatočne nevyužíva možnosti financovania investícií lízingom
Rozhovor s J. Jakubovičom, výkonným riaditeľom CAC Leasingu Slovakia. Vznik spoločnosti. Postavenie CAC Leasingu medzi ostatnými leasingovými spoločnosťami na Slovensku. Riziká pri leasingu. Vývoj slovenskej ekonomiky a problémy niektorých firiem pri splácaní prenajatých dopravných prostriedkov a te...
Enregistré dans:
| Auteur principal: | |
|---|---|
| Autres auteurs: | |
| Format: | Chapitre de livre |
| Langue: | slovaque |
| Sujets: | |
| Tags: |
Pas de tags, Soyez le premier à ajouter un tag!
|
MARC
| LEADER | 00000naa a2200000 4500 | ||
|---|---|---|---|
| 001 | r035844 | ||
| 005 | 20230921103730.5 | ||
| 041 | 0 | |a slo | |
| 044 | |a SK | ||
| 245 | 1 | 0 | |a Juraj Jakubovič: Slovenská ekonomika zatiaľ dostatočne nevyužíva možnosti financovania investícií lízingom |c Igor Matloň |
| 520 | |a Rozhovor s J. Jakubovičom, výkonným riaditeľom CAC Leasingu Slovakia. Vznik spoločnosti. Postavenie CAC Leasingu medzi ostatnými leasingovými spoločnosťami na Slovensku. Riziká pri leasingu. Vývoj slovenskej ekonomiky a problémy niektorých firiem pri splácaní prenajatých dopravných prostriedkov a technológií. Obchody CAC Leasingu. Leasing a legislatíva na Slovensku. | ||
| 610 | 2 | 0 | |a lízing |
| 610 | 2 | 0 | |a riziko |
| 610 | 2 | 0 | |a vývoj hospodársky |
| 610 | 2 | 0 | |a spoločnosti lízingové |
| 610 | 2 | 0 | |a legislatíva |
| 610 | 2 | 0 | |a Slovensko |
| 610 | 2 | 0 | |a CAC Leasing Slovakia, a.s. Bratislava |
| 100 | 1 | |a Matloň, Igor | |
| 700 | 1 | |a Jakubovič, Juraj | |